La crisis de los referentes y la reconstrucción de las identidades en Europa (Registro nro. 155711)

Detalles MARC
000 -LEADER
fixed length control field 00945nam a22002177a 4500
005 - DATE AND TIME OF LATEST TRANSACTION
control field 20210616125336.0
008 - FIXED-LENGTH DATA ELEMENTS--GENERAL INFORMATION
fixed length control field 210507b ck ||||| |||| 00| 0 spa d
020 ## - INTERNATIONAL STANDARD BOOK NUMBER
International Standard Book Number 9586650200
050 04 - LIBRARY OF CONGRESS CALL NUMBER
Classification number D1055
Item number C75 1999
240 10 - UNIFORM TITLE
Uniform title Quels reperes pour L'Europa
Language of a work Español
245 03 - TITLE STATEMENT
Title La crisis de los referentes y la reconstrucción de las identidades en Europa
Statement of responsibility, etc / compiladores Hugo Fazio Vengoa, Joanna Nowicki
250 ## - EDITION STATEMENT
Edition statement 1a ed.
260 ## - PUBLICATION, DISTRIBUTION, ETC. (IMPRINT)
Place of publication, distribution, etc Santa fe de Bogotá, Colombia :
Name of publisher, distributor, etc Siglo del Hombre Editores :
-- Instituto de Estudios Políticos y Relaciones Internacionales :
-- Universidad Nacional,
Date of publication, distribution, etc 1999
300 ## - PHYSICAL DESCRIPTION
Extent 231 p. ;
Dimensions 21 cm.
490 0# - SERIES STATEMENT
Series statement Biblioteca Universitaria, Ciencias Sociales y Humanidades
-- Política y relaciones internacionales
504 ## - BIBLIOGRAPHY, ETC. NOTE
Bibliography, etc Incluye bibliografía
651 #7 - SUBJECT ADDED ENTRY--GEOGRAPHIC NAME
Source of heading or term lemb
Geographic name Europa
General subdivision Civilización
Chronological subdivision 1945
700 1# - ADDED ENTRY--PERSONAL NAME
Personal name Fazio vengoa, Hugo
Relator term compilador
700 1# - ADDED ENTRY--PERSONAL NAME
Personal name Nowicki, Joanna
Relator term compilador
942 ## - ADDED ENTRY ELEMENTS (KOHA)
Source of classification or shelving scheme Biblioteca del Cogreso de los Estados Unidos
Koha item type Libro
Existencias
Estado de pérdida Fuente de clasificación Estado del daño No para préstamo Ubicación permanente Ubicación actual Apartado o colección Fecha de adquisición Edición Dependencia de educación superior (DES) Área del conocimiento Total Checkouts Clasificación Código de Barras Date last seen Número de copia Costo por reposición Tipo de recurso
  Biblioteca del Cogreso de los Estados Unidos     Biblioteca del Posgrado en Derecho Biblioteca del Posgrado en Derecho Colección Ernesto Villanueva 07/05/2021 1a ed. Derecho Ciencias Sociales y Administrativas   D1055 C75 1999 BPD000001635 07/05/2021 1 1.00 Libro